Quizzes
Events
Quiz Creation
Community
Videos
Private Events
Remove Ads
Sign In
Join for FREE
Feedback
Dark Mode
Quiz Categories
Sports
Geography
Music
Movies
Television
Just For Fun
Miscellaneous
History
Literature
Language
Science
Gaming
Entertainment
Religion
Holiday
For Kids
Quiz Lab
Recent
Popular Today
Quiz Kudos Today
Editor Picks
Curator Picks
Quizzes by...
Day
Popularity
Type
Ratings
Length
Year
Community
Subscriptions
Recent Discussions
Orange Saloon
Badges
Playlists
Quests
Create
Leaderboards
Showdown
Live 5
Trivia Bingo
Activity
Puzzle Library
Sporcle Events
Private Events
Virtual Trivia
Globe League
Become a Host
Pub Owners
SporcleCon
Opinionation
Our Games
Videos
Blog
Mobile Apps
Partnerships
Remove Ads and Go Orange
Feedback
Music
Pop Music
The Beatles
Song
Album
Lyrics
Bands
Singers
Artist
Clip
Rock
Rap
Classical
Billboard
Country Music
Kpop
Taylor Swift
Music
Pop Music
The Beatles
Song
Album
Lyrics
Bands
Singers
Artist
Clip
Rock
Rap
Classical
Billboard
Country Music
Kpop
Taylor Swift
Random Quiz
Search Sporcle
×
Curator Pick
Curator Pick
Music
Singers
Type in answers that appear in a list
Type in answers that appear in a list
Classic
Best Score? Go Orange.
Ray Charles Top 40 Hits Stats
Can you name the Ray Charles songs that have made the Top 40 in the US?
By
dudemanbearpig
7m
33 Questions
167 Plays
167 Plays
167 Plays
Comments
Comments
Give Quiz Kudos
Give Quiz Kudos
-
- Ratings
hide this ad
Replay
Link that replays current quiz
Next Quiz
Link to next quiz in quiz playlist
You Got
0%
They Got
Avg Score
16%
Avg Friend Score
Upgrade to see
Score Distribution
Jump to the score distribution portion of the page
Score
0/33
Timer
07:00
0
Plays Today
Year Released
Song
% Correct
1960
Georgia on My Mind
91%
1961
Hit the Road Jack
82.6%
1959
What'd I Say
59.9%
1962
I Can't Stop Loving You
40.7%
1962
Unchain My Heart
38.3%
1962
You Don't Know Me
26.3%
1963
Busted
22.8%
1966
Crying Time
17.4%
1961
One Mint Julep
15%
1966
Let's Go Get Stoned
13.8%
1968
Eleanor Rigby
13.2%
1962
You Are My Sunshine
12.6%
1967
Yesterday
12.6%
1963
Take These Chains from My Heart
12%
1960
Sticks and Stones
9%
1960
Ruby
9%
1967
Here We Go Again
7.8%
Year Released
Song
% Correct
1962
Your Cheatin' Heart
6%
1957
Swanee River Rock
4.8%
1962
Hide Nor Hair
4.2%
1966
Together Again
4.2%
1967
In the Heat of the Night
4.2%
1971
Booty Butt
4.2%
1963
Don't Set Me Free
3.6%
1959
I'm Movin' On
3%
1963
No One
3%
1964
Baby, Don't You Cry
3%
1990
I'll Be Good to You
3%
1964
My Heart Cries for You
2.4%
1963
Without Love (There Is Nothing)
1.8%
1966
I Chose to Sing the Blues
1.8%
1971
Don't Change on Me
1.8%
1965
One More Time
0.6%
Quiz Playlist
Details
Report
Send in Message
Add To Playlist
Classic:
Type in answers that appear in a list
Quiz Source
Last Updated: Feb 16, 2017
Curator Pick in
Singers
Quiz Scoreboard
CHALLENGE
Sign Up to Join the Scoreboard
Show All
Scores
Hide
Comments
May contain spoilers
Recently Published
Decade Duel: World Leaders
by jenniferyan
History
4m
Alphabetical 'K' Countries by Flag Minefield
by ylime102
Geography
3m
Pick 6: Fruits
by JohnFran
Miscellaneous
15s
More to Explore
Quiz From the Vault
Featured Blog Post
15 Basketball Trivia Facts You Can Be March Mad About
hide this ad
You Might Also Like...
Tags
Football Quiz
Singers Quiz
Song Quiz
Charted
hit
Ray
Released
Top 40
Today's Top Quizzes in Music
Browse Music
hide this ad
Today's Top Quizzes in Singers
Browse Singers
Top Contributed Quizzes in Music
1
Taylor Swift All Songs (2024)
2
Taylor Swift Logic Puzzle
3
KPOP LOGIC QUIZ
4
Guess the Taylor Swift song (Mystery Song)
5
A Taylor Swift Logic Puzzle
6
Guess The Taylor Swift Lyrics Song #1
7
kpop group name match up
8
K-Pop : 100 Debut Songs (Part 1 of 3)
9
2 word kpop group match
10
Madness Songs By Image
Explore More
Trending Topics
Marvel
Disney
Kpop
NBA
Anime
Harry Potter
Crossword
Pokémon
Puzzle
Song
The Office
WWE
Soccer
Country
NFL
hide this ad
More By:
dudemanbearpig
Quiz
Plays
Rating
Category
Featured
Created
WWE Royal Rumble Final Four
308,001
4.45
Sports
Dec 1, 2009
Top 50 Females in Harry Potter
137,265
4.67
Literature
May 10, 2012
Top 25 Non-Humans in Harry Potter
68,833
4.83
Literature
Apr 30, 2012
WrestleMania: 5+ in a Row
63,181
4.54
Sports
Apr 3, 2012
Black WWE PPV Competitors
14,890
4.34
Sports
Nov 6, 2011
Go to Creator's Profile
Score Distribution
Quiz Creator Spotlight
dudemanbearpig
Follow
Send a Message
Quizzes Created
-
Created Quiz Play Count
-
More By This Creator
Popular Quizzes Today
1
Countries of Asia Without Outlines Minefield
2
Find the US States - No Outlines Minefield
3
Pick 6: Fruits
4
Alphabetical 'K' Countries by Flag Minefield
5
The Countries of the World
6
Find the Countries of Europe - No Outlines Minefield
7
Find the US States
8
US States
More Music Quizzes
Billboard Chart Achievements
Editor's Pick
Trending Quizzes
Pick 6: Mountains
Pick 6: Harry Potter
Pick 6: Flags
Pick 6: NFL Teams
Pick 6: Movie Franchises
Recently Updated
Adaptations: Name the Title
pecheneg
NWSL Teams
pecheneg
Women's Final Four Teams by Year
bhenderson79
Presidents Quartet II
eogle
Anything But Clue(do)
eogle
Anything But Oceanian Capitals
eogle
Anything But 7
eogle
Anything But Thing
eogle
Word Ladder: February 29
pecheneg
Song Title Questions
pecheneg
Trending Topics
NBA
Disney
Harry Potter
Kpop
Anime
Marvel
Crossword
The Office
WWE
Puzzle
Song
NFL
Soccer
Pokémon
Country
Your Account Isn't Verified!
In order to create a playlist on Sporcle, you need to verify the email address you used during registration. Go to your
Sporcle Settings
to finish the process.
Report this User
Report this user for behavior that violates our
Community Guidelines
.
Details:
Send Report
Go to the Sporcle.com Mobile Site →
Comments